Europejska Wspólnota Gosporcza - rozwój, instytucje, zasady funkcjonowania.
Inštitúcie a ciele EHS - ministerská rada, Komisia (17 členov) ako výkonný orgán, Európsky parlament, Tribunál spravodlivosti. Spoločný trh tovarov. Spoločný trh pracovných síl a kapitálu. Koordinácia politiky v ostatných oblastiach. Pretváranie EHS na európsku a menovú úniu. Zmluvná spätosť s tretí...
Saved in:
| Main Author: | |
|---|---|
| Format: | Book Chapter |
| Language: | Polish |
| Subjects: | |
| Tags: |
No Tags, Be the first to tag this record!
|
MARC
| LEADER | 00000naa a2200000 4500 | ||
|---|---|---|---|
| 001 | r008591 | ||
| 005 | 20221125123116.8 | ||
| 041 | 0 | |a pol | |
| 044 | |a PL | ||
| 245 | 1 | 0 | |a Europejska Wspólnota Gosporcza - rozwój, instytucje, zasady funkcjonowania. |c Z. Kamecki |
| 520 | |a Inštitúcie a ciele EHS - ministerská rada, Komisia (17 členov) ako výkonný orgán, Európsky parlament, Tribunál spravodlivosti. Spoločný trh tovarov. Spoločný trh pracovných síl a kapitálu. Koordinácia politiky v ostatných oblastiach. Pretváranie EHS na európsku a menovú úniu. Zmluvná spätosť s tretími krajinami. | ||
| 610 | 2 | 0 | |a EHS |
| 610 | 2 | 0 | |a únie menové |
| 610 | 2 | 0 | |a trh práce |
| 610 | 2 | 0 | |a integrácia ekonomická medzinárodná |
| 610 | 2 | 0 | |a trh kapitálový |
| 100 | 1 | |a Kamecki, Z. | |